000 nam a22 7a 4500
999 _c233502
_d233502
003 Nust
005 20170308121944.0
008 170308b xxu||||| |||| 00| 0 eng d
040 _cDLC
082 _a333.794 SCH
100 _aSchnepf,Randy
245 _aRenewable Fuel Standard (RFS) : Overview and Issues
942 _2ddc
_cBK